Statistics for Eras Tour Setlist

Click here to take the quiz!

General Stats

  • This quiz has been taken 104 times
  • The average score is 37 of 44

Answer Stats

HintAnswer% Correct
LoverLover
97%
LoverCruel Summer
96%
FearlessYou Belong With Me
96%
FearlessFearless
93%
FearlessLove Story
93%
1989Blank Space
92%
1989Shake It Off
92%
Red22
91%
reputationLook What You Made Me Do
91%
LoverMiss Americana and the Heartbreak Prince
89%
evermorewillow
89%
RedI Knew You Were Trouble
88%
MidnightsKarma
88%
MidnightsLavender Haze
88%
1989Style
88%
folklorethe 1
88%
LoverThe Man
88%
LoverYou Need to Calm Down
88%
1989Bad Blood
87%
folklorebetty
87%
Speak NowEnchanted
87%
MidnightsAnti-Hero
86%
folklorecardigan
86%
evermorechampagne problems
86%
reputationDelicate
86%
reputation…Ready For It?
86%
RedWe Are Never Ever Getting Back Together
86%
RedAll Too Well
84%
evermoremarjorie
84%
LoverThe Archer
84%
folkloreaugust
80%
MidnightsBejeweled
80%
reputationDon’t Blame Me
80%
Speak Now
(added after the release of
Speak Now (Taylor’s Version)
Long Live
80%
evermoretolerate it
80%
1989Wildest Dreams
80%
folklorethe last great american dynasty
78%
Midnights*Vigilante Sh*t
78%
MidnightsMastermind
76%
MidnightsMidnight Rain
76%
folkloreillicit affairs
72%
evermore‘tis the damn season
71%
folkloremy tears ricochet
67%
evermore
(added temporarily)
no body, no crime
66%

Score Distribution

Percentile by Number Answered

Percent of People with Each Score

Your Score History

You have not taken this quiz